000 01158nam a22002417a 4500
999 _c1014
_d1014
005 20200313090715.0
008 200313b ||||| |||| 00| 0 eng d
020 _a9781534465961
040 _cKH8
082 _aFIC CLA
100 _aClare, Cassandra
_eauthor
245 _aClockwork angel :
_bthe infernal devices /
_cCassandra Clare.
260 _aNew York :
_bMargaret K. McElderry Books,
_c[2019].
300 _a479, [46] pages :
_b illustration, map ;
_c22 cm.
440 _aThe infernal devices ;
_nBook 1.
500 _aIncludes exceprts from: Chain of gold, and Clockwork prince.
520 _aWhen sixteen-year-old orphan Tessa Gray's older brother suddenly vanishes, her search for him leads her into Victorian-era London's dangerous supernatural underworld, and when she discovers that she herself is a Downworlder, she must learn to trust the demon-killing Shadowhunters if she ever wants to learn to control her powers and find her brother.
650 _aDemonology
_vFiction.
650 _aOrphans
_vFiction.
650 _aSecret societies
_vFiction.
650 _aLondon (England)
_vHistory
_x19th century
_yFiction.
942 _2ddc
_cFIC